000 00803nam a2200205Ia 4500
003 GCL
008 140319s9999 xx 000 0 ara d
040 _aGCL /
_cGCL
082 0 4 _a412
_bر ا
100 1 _aرشيدة عبدالحميد اللقانى
245 1 0 _aالفاظ الاطعمة والاشربة فى كتاب الاغانى للاصفهانى /
_cرشيدة عبدالحميد اللقانى
700 1 _aابوالفرج الاصفهانى: على بن الحسين بن محمد بن الهيثم عبدالرحمن بن مروان البغدادى
260 _a[S.N] :
_bدار المعرفة الجامعية ،
_c1991
300 _a144 ص
490 _a
650 0 4 _aالالفاظ
650 0 4 _aالاشتقاق
650 0 4 _aاللغة العربية
942 _2ddc
_cBK
999 _c53901
_d53901